000 01599nam a2200181 a 4500
001 000022389
005 20200930011716.0
008 101007s2000 sp abc e 000 0 spa d
020 _a8483321165
040 _aDO-SdBNP
_bspa
_cBNPHU
082 _aR 036.1
_bG748r
245 0 0 _aGran referencia Anaya.
260 _aBarcelona :
_bBiblograf,
_c2000.
300 _av. :
_bil., map., retrs. ;
_c29 cm.
_e2 CD ROM + 2 folletos
505 0 _gv. 1.
_tA cappella - ananás
_gv. 2
_tAnand, Vishwanathan-Augustenborg
_gv. 3
_tAugustín y Dávila, Basilio - Bohodón, el
_gv. 4.
_tBohonal de Ibor - carpe diem
_gv. 5
_tCarpeaux, Jean-Baptiste - colágeno
_gv. 6
_tColapso-descimbramiento
_gv. 7
_tDesclot, Bernat - Eslava, Miguel Hilarión
_gv. 8
_tEslava, Sebastián de - Fitogeografía
_gv. 9
_tFitohormonas - Giroscopio
_gv. 10
_tGiroteodolito - Homenaje
_gv. 11
_tHomeopatía - Jamesone, Georgia
_gv. 12.
_tJamete, Esteban - Lippmann, Walter
_gv. 13
_tLipschitz, Rudolf - Medrano
_gv. 14
_tMedrano, Antonio - Mutismo
_gv. 15
_tMutriku - Ovegénesis
_gv. 16
_tOvónica-polaquiuria
_gv. 17
_tPolar, estrella-rescisión
_gv. 18
_tResedáceas-Schollaert, Frans Victor
_tv. 19
_gSchömberg, de-Tavastehus
_tv. 20
_tTavera, Juan Pardo de-Valderaduey
_gv. 21
_tValderas-Zygmund, Antoni
_gv. 22
_tÍndice analítico alfabético, a cappella-zywny
_gv. 23
_tLéxico, a-cordón
_gv. 24
_tLéxico, cordoncillo-infanticidio
_gv. 25
_tLéxico, infantil-quórum
_gv. 26
_tLéxico, r-zutano
_gv.27
_tOrdenador de consulta (CD-ROM)
_gv.28
_tDiccionario multilingue (CD-ROM)
650 4 _aEnciclopedias y diccionarios españoles
_96351
910 _aValidado. Control de calidad MFF
999 _c21887
_d21887